01443nam a2200361Ia 4500001001200000003000800012006001900020007001500039008004100054010001700095020003600112020003600148040002100184035002100205050002400226082001700250245011100267260005600378300001600434490004000450504005100490533015200541650004200693650003800735650003300773650002300806655002900829700002200858710001700880830004100897856012600938999001701064ebr10395894CaPaEBRm u cr cn|||||||||100203s2010 ne sb 001 0 eng d z 2010004884 z9789027223142 (hb : alk. paper) z9789027288257 (eb : alk. paper) aCaPaEBRcCaPaEBR a(OCoLC)64606856414aPC4434b.A23 2010eb04a460.1/4122200aAcademic and professional discourse genres in Spanishh[electronic resource] /cedited by Giovanni Parodi. aAmsterdam ;aPhiladelphia :bJohn Benjamins,c2010. axii, 255 p.1 aStudies in corpus linguistics ;v40 aIncludes bibliographical references and index. aElectronic reproduction.bPalo Alto, Calif. :cebrary,d2011.nAvailable via World Wide Web.nAccess may be limited to ebrary affiliated libraries. 0aSpanish languagexDiscourse analysis. 0aSpanish languagexSpoken Spanish. 0aSpanish languagexVariation. 0aDiscourse markers. 7aElectronic books.2local1 aParodi, Giovanni.2 aebrary, Inc. 0aStudies in corpus linguistics ;v40.40uhttp://site.ebrary.com/lib/rucke/Doc?id=10395894zAn electronic book accessible through the World Wide Web; click to view c96163d96163